A complete guide to Egypt and the archaeological sites /
Main Author:
Other Authors:
Format: Book
Language: English
Published:
New York :
Morrow,
1981.
Edition: 1st ed.
Subjects:
Tags: Add Tag
Call Number: DT45 .H6 1981
| LEADER | 00766namaa2200277 4500 | ||
|---|---|---|---|
| 001 | 18900 | ||
| 003 | OSt | ||
| 005 | 20260318080207.0 | ||
| 008 | 130303s1981 nyua 001 0 eng d | ||
| 010 | |a 81003982 | ||
| 020 | |a 0688006477 | ||
| 040 | |c ARCE Library | ||
| 043 | |a f-ua--- | ||
| 050 | 4 | |a DT45 .H6 1981 | |
| 100 | 1 | |a Hobbs, A. Hoyt, |e author | |
| 245 | 1 | 2 | |a A complete guide to Egypt and the archaeological sites / |c A. Hoyt Hobbs and Joy Adzigian. |
| 250 | |a 1st ed. | ||
| 264 | 1 | |a New York : |b Morrow, |c 1981. | |
| 300 | |a 320 pages : |b illustrations ; |c 24 cm. | ||
| 500 | |a Includes index. | ||
| 651 | 0 | |a Egypt |v Guidebooks. | |
| 651 | 0 | |a Egypt |x Antiquities. | |
| 700 | 1 | |a Adzigian, Joy. |9 24814 | |
| 901 | |a reviewed | ||
| 942 | |c BK |2 lcc | ||
| 999 | |c 15958 |d 15958 | ||
